书目信息 |
| 题名: |
轻松架设 EMAIL 服务器
|
|
| 作者: | 卫然 主编 ;威狮工作室 编著 | |
| 分册: | ||
| 出版信息: | 重庆 重庆电子音像出版社 2002 |
|
| 页数: | 202页 | |
| 开本: | 26cm | |
| 丛书名: | ||
| 单 册: | ||
| 中图分类: | TP368.5 | |
| 科图分类: | ||
| 主题词: | 微型计算机 | |
| 电子资源: | ||
| ISBN: | 7-900353-31-3 | |
| 000 | 00821nam0 2200217 45 | |
| 001 | 0303120836 | |
| 005 | 20031219104106.8 | |
| 010 | @a7-900353-31-3@dCNY22.00 | |
| 100 | @a20030312d2002 km y0chiy0120 ea | |
| 101 | 0 | @achi |
| 105 | @a z 000yy | |
| 200 | 1 | @a轻松架设 EMAIL 服务器@AQing Song Jia She EMAIL Fu Wu Qi@e家庭、网吧、企业的 Email 解决之道@EJia Ting、Wang Ba、Qi Ye De Email Jie Jue Zhi Dao@f卫然主编@FWei Ran Zhu Bian@g威狮工作室编著 |
| 210 | @a重庆@c重庆电子音像出版社@d2002 | |
| 215 | @a202页@d26cm@e1光盘 | |
| 517 | @a家庭、网吧、企业的 Email 解决之道@AJia Ting、Wang Ba、Qi Ye De Email Jie Jue Zhi Dao | |
| 606 | 0 | @a微型计算机 |
| 690 | @aTP368.5@v4 | |
| 701 | 0 | @a卫然@4主编 |
| 712 | 02 | @a威狮工作室@AWei Shi Gong Zuo Shi@4编著 |
| 801 | @aCN@bTSTC@c20030312 | |
| 905 | @b321210-213@dTP368.5@e313@f4 | |
| 轻松架设 EMAIL 服务器:家庭、网吧、企业的 Email 解决之道/卫然主编/威狮工作室编著.-重庆:重庆电子音像出版社,2002 |
| 202页;26cm+1光盘 |
| ISBN 7-900353-31-3:CNY22.00 |
| ● |
| 相关链接 |
|
|
|
|
正题名:轻松架设 EMAIL 服务器
索取号:TP368.5/313
 
预约/预借
| 序号 | 登录号 | 条形码 | 馆藏地/架位号 | 状态 | 备注 |
| 1 | 0321210 | 203212102 | 第三借阅区/ [索取号:TP368.5/313] | 在馆 | |
| 2 | 0321211 | 203212111 | 第三借阅区/ [索取号:TP368.5/313] | 在馆 | |
| 3 | 0321212 | 203212120 | 第三借阅区/ [索取号:TP368.5/313] | 在馆 | |
| 4 | 0321213 | 203212139 | 第二样本阅览室/ [索取号:TP368.5/313] | 在馆 |
本书有关联资源:
1 .光盘 /ISO :轻松架设 EMAIL 服务器 /卫然
下载